Trouve la capitale - Statistiques

Statistiques générales
  • Ce quiz a été pris 318 fois
  • Le résultat moyen est 7 sur 10
Statistiques - réponses
Question Réponse % Correct
Quel est la capitale de la Corée du sud ? Séoul
100%
Quel est la capitale du Mali ? Bamako
93%
Quel est la capitale de l'Argentine ? Buenos Aires
93%
Quel est la capital de l'Australie ? Canberra
89%
Quel est la capitale de la Suisse ? Berne
78%
Quel est la capitale de l'Équateur ? Quito
70%
Quel est la capitale du Cambodge ? Phnom Penh
59%
Quel est la capitale du Togo ? Lomé
56%
Quel est la capitale du Kosovo ? Pristina
56%
Quel est la capitale de la Jamaïque ? Kingston
48%
Aucun quiz correspondant
Distribution des résultats
% des personnes avec chaque résultat
Percentile par nombre de réponses
Votre historique - résultats
Vous n’avez pas pris ce quiz